| 000 | 00428nam a2200157 a 4500 | ||
|---|---|---|---|
| 005 | 20140412111328.0 | ||
| 008 | 110105s19uu xx 00 eng d | ||
| 020 | _a0-7498-3713-6 | ||
| 050 |
_aTR(PS E _bSt6 1998 |
||
| 100 | _aHangreaves, Roger | ||
| 245 |
_aStory Stencils / _cRoger Hangreaves. |
||
| 260 |
_aBritain : _bEgmont world limited, _c1998. |
||
| 300 | _aunp. | ||
| 440 | _aMr. Men and little miss | ||
| 999 |
_c104780 _d104780 |
||